Marvel Or Dc Characters #10 - Statistics

General Stats
  • This quiz has been taken 85 times
  • The average score is 14 of 15
Answer Stats
Question Answer % Correct
Miss Martian DC
100%
Superboy DC
100%
Cyclops Marvel
100%
Alfred Pennyworth DC
98%
Cable Marvel
98%
Emma Frost Marvel
98%
The LIzard Marvel
98%
Moon Knight Marvel
98%
Elektra Marvel
98%
Killer Croc DC
95%
Deadshot DC
95%
Beast Marvel
95%
Donna Troy DC
93%
Deadshot DC
93%
Maestro Marvel
67%
No matching quizzes found
Score Distribution
Percent of People with Each Score
Percentile by Number Answered
Your Score History
You have not taken this quiz